<?xml version="1.0" encoding="UTF-8"?>
<record
    xmlns:xsi="http://www.w3.org/2001/XMLSchema-instance"
    xsi:schemaLocation="http://www.loc.gov/MARC21/slim http://www.loc.gov/standards/marcxml/schema/MARC21slim.xsd"
    xmlns="http://www.loc.gov/MARC21/slim">

  <leader>01014cam a2200289 i 4500</leader>
  <controlfield tag="001">20922688</controlfield>
  <controlfield tag="003">IT-MiSPE</controlfield>
  <controlfield tag="005">20210415171720.0</controlfield>
  <controlfield tag="008">180928e201902  it       b    001 0 ita d</controlfield>
  <datafield tag="020" ind1=" " ind2=" ">
    <subfield code="a">9788843094202 :</subfield>
    <subfield code="c">24.00 EUR</subfield>
  </datafield>
  <datafield tag="040" ind1=" " ind2=" ">
    <subfield code="a">IT-MiSPE</subfield>
    <subfield code="c">IT-MiSPE</subfield>
  </datafield>
  <datafield tag="082" ind1=" " ind2=" ">
    <subfield code="a">149.7-MOR ma ill (axa 23307)</subfield>
  </datafield>
  <datafield tag="130" ind1="0" ind2=" ">
    <subfield code="a">Illuminismo (Carocci editore)</subfield>
    <subfield code="9">58861</subfield>
  </datafield>
  <datafield tag="245" ind1="1" ind2="0">
    <subfield code="a">Illuminismo :</subfield>
    <subfield code="b">storia di un'idea plurale /</subfield>
    <subfield code="c">a cura di Massimo Mori e Salvatore Veca.</subfield>
  </datafield>
  <datafield tag="250" ind1=" " ind2=" ">
    <subfield code="a">1a edizione.</subfield>
  </datafield>
  <datafield tag="264" ind1=" " ind2="1">
    <subfield code="a">Roma :</subfield>
    <subfield code="b">Carocci editore,</subfield>
    <subfield code="c">2019.</subfield>
  </datafield>
  <datafield tag="300" ind1=" " ind2=" ">
    <subfield code="a">273 p. ;</subfield>
    <subfield code="c">22 cm.</subfield>
  </datafield>
  <datafield tag="490" ind1="0" ind2=" ">
    <subfield code="a">Frecce ;</subfield>
    <subfield code="v">268</subfield>
  </datafield>
  <datafield tag="504" ind1=" " ind2=" ">
    <subfield code="a">Include referenze bibliografiche e indici.</subfield>
  </datafield>
  <datafield tag="650" ind1=" " ind2="0">
    <subfield code="a">Illuminismo</subfield>
    <subfield code="z">Europa.</subfield>
    <subfield code="9">58862</subfield>
  </datafield>
  <datafield tag="650" ind1=" " ind2="0">
    <subfield code="a">Filosofia, Moderna</subfield>
    <subfield code="y">18 secolo.</subfield>
    <subfield code="9">58863</subfield>
  </datafield>
  <datafield tag="651" ind1=" " ind2="0">
    <subfield code="a">Europa</subfield>
    <subfield code="x">Vita intellettuale</subfield>
    <subfield code="y">18 secolo.</subfield>
    <subfield code="9">58864</subfield>
  </datafield>
  <datafield tag="651" ind1=" " ind2="0">
    <subfield code="a">Europa</subfield>
    <subfield code="x">Civilizazione</subfield>
    <subfield code="y">18 secolo.</subfield>
    <subfield code="9">58865</subfield>
  </datafield>
  <datafield tag="700" ind1="1" ind2=" ">
    <subfield code="a">Mori, Massimo,</subfield>
    <subfield code="e">a cura di.</subfield>
    <subfield code="d">1948-</subfield>
    <subfield code="9">58866</subfield>
  </datafield>
  <datafield tag="700" ind1="1" ind2=" ">
    <subfield code="a">Veca, Salvatore,</subfield>
    <subfield code="d">1943-</subfield>
    <subfield code="e">a cura di.</subfield>
    <subfield code="9">58867</subfield>
  </datafield>
  <datafield tag="942" ind1=" " ind2=" ">
    <subfield code="2">ddc</subfield>
    <subfield code="c">BK</subfield>
  </datafield>
  <datafield tag="999" ind1=" " ind2=" ">
    <subfield code="c">359233</subfield>
    <subfield code="d">359233</subfield>
  </datafield>
  <datafield tag="952" ind1=" " ind2=" ">
    <subfield code="0">0</subfield>
    <subfield code="1">0</subfield>
    <subfield code="2">ddc</subfield>
    <subfield code="4">0</subfield>
    <subfield code="6">149_000000000000000_7MOR_MA_ILL_AXA_23307</subfield>
    <subfield code="7">1</subfield>
    <subfield code="a">CINISELLO</subfield>
    <subfield code="b">CINISELLO</subfield>
    <subfield code="d">2021-04-15</subfield>
    <subfield code="l">0</subfield>
    <subfield code="o">149.7-MOR ma ill (axa 23307)</subfield>
    <subfield code="p">9788843094202</subfield>
    <subfield code="r">2021-04-15 00:00:00</subfield>
    <subfield code="w">2021-04-15</subfield>
    <subfield code="y">BK</subfield>
  </datafield>
</record>
